Jacques Brel en chansons # 9 - Statistiques

Statistiques générales
  • Ce quiz a été pris 788 fois
  • Le résultat moyen est 12 sur 25
Statistiques - réponses
Paroles Titre % Correct
Y a des marins qui chantent Les rêves qui les hantent Amsterdam
95%
Moi, je t'offrirai Des perles de pluie Venues de pays Où il ne pleut pas Ne me quitte pas
92%
J'ai voulu voir Anvers, on a revu Hambourg J'ai voulu voir ta sœur, et on a vu ta mère Comme toujours Vesoul
82%
Et Paris qui bat la mesure Paris qui mesure notre émoi Et Paris qui bat la mesure Me murmure, murmure tout bas La valse à mille temps
80%
D'abord... D'abord, y'a l'aîné Lui qu'est comme un melon Lui qui a un gros nez Ces gens-là
75%
C'est comme les cochons Plus ça devient vieux, plus ça devient bête Les bourgeois
68%
Avec la mer du Nord pour dernier terrain vague Et des vagues de dunes pour arrêter les vagues Le plat pays
64%
Ma mère, voici le temps venu D'aller prier pour mon salut Mathilde
62%
Elle aime tant ça Elle est tellement jolie Elle est tellement tout ça Elle est toute ma vie Madeleine
53%
C'est tellement bon Bien que les fleurs soient plus présentables Surtout quand elles sont en boutons Les bonbons
52%
Même riches ils sont pauvres, ils n'ont plus d'illusions et n'ont qu'un cœur pour deux Chez eux ça sent le thym, le propre, la lavande et le verbe d'antan Les vieux
51%
Bien sûr, nous eûmes des orages Vingt ans d'amour, c'est l'amour fol Mille fois tu pris ton bagage Mille fois je pris mon envol La chanson des vieux amants
49%
Pour meubler de merveilles Et couvrir de soleil La laideur des faubourgs Quand on n'a que l'amour
48%
Mais arrête de pleurer Comme ça devant tout l’monde Parce qu’une demi-vieille Parce qu’une fausse blonde T’a relaissé tomber Jef
38%
Tout nu dans ma serviette qui me servait de pagne J'avais le rouge au front et le savon à la main Au suivant
37%
Place de Broukère on voyait des vitrines Avec des hommes des femmes en crinoline Place de Broukère on voyait l'omnibus Avec des femmes des messieurs en gibus Bruxelles
37%
Si elles dansent c'est parce qu'elles ont 20 ans Et qu'à 20 ans il faut se fiancer Se fiancer pour pouvoir se marier Et se marier pour avoir des enfants Les flamandes
37%
Madame promène son cœur sur les ringards de sa folie Madame promène son ombre sur les grand-places de l'Italie Je trouve que Madame vit sa vie Les remparts de Varsovie
36%
C'est le plus vieux tango du monde Celui que les têtes blondes Ânonnent comme une ronde En apprenant leur latin Rosa
34%
Rêver un impossible rêve Porter le chagrin des départs Brûler d'une possible fièvre Partir où personne ne part La quête
33%
Être une heure, une heure quelquefois Être une heure, rien qu'une heure durant Beau, beau, beau et con à la fois La chanson de Jacky
30%
Ils sont plus de deux mille Et je ne vois qu`eux deux La pluie les a soudés Semble-t-il l`un à l`autre Ils sont plus de deux mille Et je ne vois qu`eux deux Orly
28%
La pluie est traversière Elle bat de grain en grain Quelques vieux chevaux blancs Qui fredonnent Gauguin Les Marquises
23%
Voici donc quelques rires Quelques vins quelques blondes J'ai plaisir à te dire Que la nuit sera longue A devenir demain Jojo
22%
Faut dire Faut dire qu'elle était belle Comme une perle d'eau Faut dire qu'elle était belle Et je ne suis pas beau La Fanette
17%
Aucun quiz correspondant
Distribution des résultats
% des personnes avec chaque résultat
Percentile par nombre de réponses
Votre historique - résultats
Vous n’avez pas pris ce quiz